| 000 | 01067nam a2200313 i 4500 | ||
|---|---|---|---|
| 999 |
_c200443368 _d61580 |
||
| 001 | 200443368 | ||
| 003 | TR-AnTOB | ||
| 005 | 20220708111052.0 | ||
| 007 | ta | ||
| 008 | 161219s1994 tu d b 000 0 tur d | ||
| 035 | _a(TR-AnTOB)200443368 | ||
| 040 |
_aSULEY _beng _erda _cSULEY _dTR-AnTOB |
||
| 041 | 0 | _atur | |
| 050 | 4 |
_aHD9929.2.T9 _bA79 1994 |
|
| 090 |
_aTOBBK HD9929.2.T9 _bA79 1994 |
||
| 100 | 1 |
_aAyvaz, Arzu _eauthor _9130497 |
|
| 245 | 1 | 0 |
_aSentetik iplik ve elyaf sektöründe gelişmeler ve beklentiler / _cArzu Ayvaz. |
| 264 | 1 |
_aAnkara : _bTürkiye Sınai Kalkınma Bankası, _c1994. |
|
| 300 |
_a17 pages : _bgraphics, tables ; _c29 cm |
||
| 336 |
_atext _btxt _2rdacontent |
||
| 337 |
_aunmediated _bn _2rdamedia |
||
| 338 |
_avolume _bnc _2rdacarrier |
||
| 650 | 7 |
_aSentetik elyaf endüstrisi _zTürkiye _2etuturkob _9132469 |
|
| 650 | 7 |
_aTekstil lifleri, Sentetik _zTürkiye _2etuturkob _9132470 |
|
| 710 | 2 |
_aTürkiye Sınaı̂ Kalkınma Bankası _9119649 |
|
| 942 |
_2z _cBK |
||